000 00221nam a2200085 4500
001 1257643
005 20260217133805.0
245 _aOSMANLI DEVLETİNİN 2. KURUCUSU ÇELEBİ MEHMED
_cİSMAİL BİLGİN
260 _bERDEM ÇOCUK
999 _c1257643
_d1257643